Vietnam opportunities : the official Vietnamese business guide.
| Format: | Book |
|---|---|
| Published: |
Hong Kong:
Longman,
1994.
|
| Edition: | 2nd ed.. |
| Subjects: |
| LEADER | 00495cam a2200169 7i4500 | ||
|---|---|---|---|
| 001 | 0000004218 | ||
| 005 | 19991025090000.0 | ||
| 002 | ##000005678 | ||
| 020 | 0 | 0 | |a 962-00-0534-1 |
| 090 | 0 | 0 | |a VIET 338.7 |b VIE |
| 245 | 1 | 0 | |a Vietnam opportunities : |b the official Vietnamese business guide. |
| 250 | 0 | 0 | |a 2nd ed.. |
| 260 | 0 | 0 | |a Hong Kong: |b Longman, |c 1994. |
| 300 | 0 | 0 | |a 507 p.. |
| 650 | 0 | 0 | |a Business opportunities -- |x Vietnam |
| 651 | 0 | 0 | |a Vietnam |
| 999 | |a 0000006646 |b Book |c Open shelf |e Business Information Centre | ||


